01106nam a22002897a 4500003000500000005001700005008004100022010001000063011001000073035001100083040000900094100002800103245018300131260005000314300004200364502010200406530003600508650001700544650001400561650003200575650002600607650002100633650002600654650003500680650003700715856006400752CHAP20220329143413.0090417s2008 mx r 00010 spa d a96071 a97043 a107702 cCHAP1 aRamos Ramírez, Pedro.10aDesarrollo, crecimiento y desaparición de la comercializadora Palos Altos S.P.R de R.L, del municipio de Ixtlahuacán del Rio, Jalisco (1999 -2004)c/por Pedro Ramos Ramírez aBermejillo, Durango Méx. :bEl autor,c2008 ax, 133 h. :bcuadros, gráfs., mapas aTesis (Ing. Agr. Eps. en Zonas Áridas) -- UACH. Unidad Regional Universitaria de Zonas Áridas aTambién disponible en línea14aCrecimiento.14aEmpresas.14aMaízxComercialización.14aMaízxProducción.14aMaízzJalisco.14aMéxicoxMunicipios.14aOrganización de productores.14aPolítica y gobiernozMéxico. 3Finding aiduhttp://10.13.5.2/tesis/107702.pdfzTeclea aqui